Nehru on social issues / (Record no. 124130)

MARC details
000 -LEADER
fixed length control field 00739nam a22002417a 4500
005 - DATE AND TIME OF LATEST TRANSACTION
control field 20170124105935.0
010 ## - LIBRARY OF CONGRESS CONTROL NUMBER
LC control number A-370438
020 ## - INTERNATIONAL STANDARD BOOK NUMBER
Terms of availability 00.00
International Standard Book Number 8170222079
035 ## - SYSTEM CONTROL NUMBER
System control number A-370438
037 ## - SOURCE OF ACQUISITION
Source of stock number/acquisition Cen Lib/Ret
040 ## - CATALOGING SOURCE
Original cataloging agency DPL
Language of cataloging EN
082 ## - DEWEY DECIMAL CLASSIFICATION NUMBER
Classification number 301
Item number AGA
100 ## - MAIN ENTRY--PERSONAL NAME
Personal name Agarwal, S. P.
9 (RLIN) 7660
245 ## - TITLE STATEMENT
Title Nehru on social issues /
Statement of responsibility, etc edited by S. P. Agarwal [and] J. C. Agarwal
260 ## - PUBLICATION, DISTRIBUTION, ETC. (IMPRINT)
Place of publication, distribution, etc New Delhi
Date of publication, distribution, etc 1989
Name of publisher, distributor, etc Concept Publishing Company
270 ## - ADDRESS
City New Delhi
Address A-15/16, Mohan Garden
Postal code 110059
300 ## - PHYSICAL DESCRIPTION
Extent xiii, 273p.
Dimensions 20cm(Hb)
500 ## - GENERAL NOTE
General note Includes index
650 ## - SUBJECT ADDED ENTRY--TOPICAL TERM
Topical term or geographic name as entry element Social science
9 (RLIN) 75712
650 ## - SUBJECT ADDED ENTRY--TOPICAL TERM
Topical term or geographic name as entry element Dynamic vision
General subdivision Nehru
9 (RLIN) 9463
700 ## - ADDED ENTRY--PERSONAL NAME
Personal name Agarwal, J. C.
9 (RLIN) 9464
942 ## - ADDED ENTRY ELEMENTS (KOHA)
Source of classification or shelving scheme Dewey Decimal Classification
Koha item type English Books
Classification part 301
Call number suffix AGA
Holdings
Withdrawn status Lost status Damaged status Not for loan Home library Current library Date acquired Source of acquisition Cost, normal purchase price Total Checkouts Full call number Barcode Date last seen Copy number Cost, replacement price Price effective from Koha item type Public note
Written off       Central Library Central Library 13/06/2015 Cen Lib/Ret 0.00   301 AGA A-370438 13/06/2015 1 0.00 13/06/2015 English Books W/d list no. 6835/14

© Delhi Public Library
Hit Counter
free hit counter